000 01721 a2200277 4500
001 49691
005 20260407155758.0
008 260407a2018 arg spa d
003 AR-UNSa-BCEJYS
040 _aAR-UNSa-BCEJYS
_bspa
_cAR-UNSa-BCEJYS
080 _a658.3
_xPersonal. Relaciones humanas en la empresa (Recursos Humanos)
245 1 0 _aAdministración de recursos humanos
020 _a978-607-526-526-1
250 _a17a. ed
264 1 _aMéxico :
_bCengage Learning Editores
_c2018
300 _axxx, 706 p.
_c27 cm.
505 _a1. Desafíos y recompensas de la administración de recursos humanos - 2. Estrategia y planeación de recursos humanos - - 3. Igualdad de oportunidades de empleo y administración de recursos humanos - 4. Análisis y diseño de puestos - 5. Ampliación de la reserva de talento: reclutamiento y carreras - 6. Selección de empleados - 7. Capacitación y desarrollo - 8. Administración del desempeño - 9. Administración de la compensación - 10. Pago por desempeño: recompensas para incentivar - 11. Beneficios y prestaciones para los empleados - 12. Promoción de la higiene y la seguridad - 13. Derechos y disciplina de los empleados - 14. Dinámica de las relaciones laborales - 15. Administración internacional de recursos humanos - 16. Implementación de la estrategia de recursos humanos: sistemas de trabajo de alto desempeño.
041 _aspa
942 _cBK
590 _aniveau_biblio:m niveau_hierar:0
100 1 _aBohlander, George W.
700 1 _aSnell, Scott A.
700 1 _aGarcía Álvarez, Consuelo
700 1 _aMorris, Shad S.
856 4 1 _uhttps://www.biblioeco.unsa.edu.ar/pmb/images/libros/L128153.jpg
_yImagen de portada
_qimage/jpeg
999 _c4869
_d4869